000 00915nam a2200301 a 4500
008 100123s2005 maua 001 0 eng
020 _a0618819142
020 _a9780618819140
040 _aDLC
_cDLC
_dEG-GiCUC
050 0 0 _aQA154.2
_b.A89 2005
082 0 0 _a512.9
_221
092 0 4 _a512.9
_bA918 2005
_221
099 _a04
_a512.9 A918 2005
100 1 _aAufmann, Richard N.
245 1 0 _aCollege algebra /
_cRichard N. Aufmann, Vernon C. Barker, Richard D. Nation.
250 _a5th ed.
260 _aBoston :
_bHoughton Mifflin,
_cc2005.
300 _a1 v. (various pagings) :
_bill. (some col.) ;
_c27 cm.
500 _aIncludes index.
650 0 _aAlgebra.
700 1 _aBarker, Vernon C.
700 1 _aNation, Richard.
902 _a1
905 _aEman
_eRev.
905 _aJamal
_eCat.
942 _2ddc
_cBK
999 _c117186
_d117186